Official Cities of Western Pennsylvania - Statistics

General Stats
  • This quiz has been taken 22 times
  • The average score is 13 of 34
Answer Stats
Answer % Correct
Erie
100%
Pittsburgh
100%
Johnstown
63%
Washington
63%
Altoona
56%
Beaver Falls
56%
Butler
56%
McKeesport
50%
New Castle
50%
Aliquippa
44%
Greensburg
44%
Warren
44%
DuBois
38%
Meadville
38%
Oil City
38%
Sharon
38%
Uniontown
38%
Bradford
31%
Franklin
31%
St. Marys
31%
Titusville
31%
Corry
25%
Duquesne
25%
Farrell
25%
Hermitage
25%
New Kensington
25%
Arnold
19%
Clairton
19%
Jeannette
19%
Parker
13%
Connellsville
6%
Monessen
6%
Monongahela
6%
Lower Burrell
0%
No matching quizzes found
Score Distribution
Percent of People with Each Score
Percentile by Number Answered
Your Score History
You have not taken this quiz